Văn hoá làng Việt Nam : Qua tục ngữ dân gian

Nội dung sách giới thiệu kho tàng tục ngữ Việt Nam để chứng minh khả năng tích luỹ, khả năng phản ánh và định hướng giá trị của tục ngữ dân gian trong di sản văn hoá dân tộc nói chung, văn hoá làng nói riêng....

Szczegółowa specyfikacja

Zapisane w:
Opis bibliograficzny
Format: Książka
Język:Undetermined
Wydane: Hà Nội Văn hóa Thông tin 2015
Hasła przedmiotowe:
Etykiety: Dodaj etykietę
Nie ma etykietki, Dołącz pierwszą etykiete!
Thư viện lưu trữ: Trung tâm Học liệu Trường Đại học Cần Thơ
LEADER 00965nam a2200217Ia 4500
001 CTU_206545
008 210402s9999 xx 000 0 und d
020 |c 65000 
082 |a 390.09597 
082 |b V115 
245 0 |a Văn hoá làng Việt Nam : 
245 0 |b Qua tục ngữ dân gian 
245 0 |c Nguyễn Kim Loan (biên soạn) 
260 |a Hà Nội 
260 |b Văn hóa Thông tin 
260 |c 2015 
520 |a Nội dung sách giới thiệu kho tàng tục ngữ Việt Nam để chứng minh khả năng tích luỹ, khả năng phản ánh và định hướng giá trị của tục ngữ dân gian trong di sản văn hoá dân tộc nói chung, văn hoá làng nói riêng. 
650 |a Cultural,Folklore,Văn hoá,Văn hoá dân gian 
650 |z Vietnam,Vietnam,Việt Nam,Việt Nam 
904 |i Qhieu 
980 |a Trung tâm Học liệu Trường Đại học Cần Thơ